Statistics for All Tower Defense Simulator Towers (2023)

Click here to take the quiz!

General Stats

  • This quiz has been taken 10 times
    (5 since last reset)
  • The average score is 26 of 51

Answer Stats

RarityTower% Correct
HardcoreEngineer
100%
AdvancedMinigunner
100%
EventNecromancer
100%
StarterScout
100%
StarterSniper
100%
HardcoreAccelerator
67%
IntermediateAce pilot
67%
AdvancedCommander
67%
EventCommando
67%
AdvancedCowboy
67%
IntermediateCrook Boss
67%
AdvancedDJ booth
67%
AdvancedElectroshocker
67%
IntermediateFreezer
67%
GoldenGolden Cowboy
67%
GoldenGolden Crook Boss
67%
GoldenGolden Minigunner
67%
GoldenGolden Scout
67%
StarterHunter
67%
IntermediateMedic
67%
IntermediateMilitant
67%
IntermediateMilitary base
67%
StarterPaintballer
67%
AdvancedPursuit
67%
StarterSoldier
67%
AdvancedTurret
67%
ExclusiveWar Machine
67%
StarterDemoman
33%
EventElf Camp
33%
EventExecutioner
33%
IntermediateFarm
33%
EventFrost Blaster
33%
EventGladiator
33%
GoldenGolden Pyromancer
33%
GoldenGolden Soldier
33%
EventJester
33%
ExclusiveMecha Base
33%
IntermediatePyromancer
33%
AdvancedRanger
33%
IntermediateRocketeer
33%
RemovedSentry
33%
IntermediateShotgunner
33%
EventSlasher
33%
EventSledger
33%
AdvancedWarden
33%
EventArcher
0%
EventCryoblaster
0%
AdvancedMortar
0%
EventSwarmer
0%
EventToxic Gunner
0%
IntermediateTrapper
0%

Score Distribution

Percentile by Number Answered

Percent of People with Each Score

Your Score History

You have not taken this quiz since the last reset